000 02007 a2200241 4500
001 46960
005 20260407155739.0
008 260407a1994 arg spa d
003 AR-UNSa-BCEJYS
040 _aAR-UNSa-BCEJYS
_bspa
_cAR-UNSa-BCEJYS
080 _a330.101.541
_xMacroeconomía
245 1 0 _aMacroeconomía en la economía general
020 _a968-880-289-1
264 1 _aMéxico :
_bPrentice-Hall
_c1994
300 _a789
_c26 cm.
505 _aParte I: Introducción: 1. Introducción - 2. Conceptos básicos en macroeconomía - 3. Determinación del producto: introducción de la oferta agregada y la demanda agregada -- Parte II: Economía Intertemporal: 4. Consumo y ahorro - 5. La inversión - 6. Ahorro, Inversión y la cuenta corriente - 7. El sector Gobierno -- Parte III: Economía Monetaria: 8. Demanda por dinero - 9. El proceso de oferta monetaria - 10. Dinero, tipo de cambio y precios - 11. Inflación: Aspectos fiscales y monetarios -- Parte IV: Determinación del producto, políticas de estabilización y crecimiento: 12. Políticas macroeconómicas y determinación del producto en una economía cerrada - 13. Políticas macroeconómicas en la economía abierta bajo tipo de cambio fijo - 14. Políticas macroeconómicas en la economía abierta bajo tipo de cambio flexible - 15. Inflación y desempleo - 16. Determinantes institucionales de los salarios y el desempleo - 17. El ciclo económico - 18. Crecimiento económico -- Parte V: Temas especiales en macroeconomía: 19. Teoría y práctica de la política económica - 20. Mercados financieros - 21. Bienes transables y no transables - 22. La crisis de deuda de los países en desarrollo - 23. Cómo detener una alta inflación.
942 _cBK
590 _aniveau_biblio:m niveau_hierar:0
100 1 _aSachs, Jeffrey D.
700 1 _aLarraín B., Felipe
700 1 _aMuñoz Gomá, Roberto
856 4 1 _uhttps://www.biblioeco.unsa.edu.ar/pmb/images/libros/L127356.jpg
_yImagen de portada
_qimage/jpeg
999 _c4257
_d4257